Oeuvres poétiques / (Record no. 25194)

MARC details
000 -LEADER
campo de control de longitud fija 00964nam a2200217 i 4500
001 - NÚMERO DE CONTROL
campo de control 25194
003 - IDENTIFICADOR DE NÚMERO DE CONTROL
campo de control ES-MaACL
005 - FECHA Y HORA DE LA ÚLTIMA TRANSACCIÓN
campo de control 20241010164919.0
007 - CAMPO FIJO DE DESCRIPCIÓN FÍSICA--INFORMACIÓN GENERAL
campo de control de longitud fija t|
008 - DATOS DE LONGITUD FIJA--INFORMACIÓN GENERAL
campo de control de longitud fija 021220s1975 fr ||||1| fre d
100 1# - ENTRADA PRINCIPAL--NOMBRE DE PERSONA
Nombre de persona Apollinaire, Guillaume,
Fechas asociadas al nombre 1880-1918
9 (RLIN) 22095
245 10 - MENCIÓN DEL TÍTULO
Título Oeuvres poétiques /
Mención de responsabilidad, etc. Guillaume Apollinaire ; préface par André Billy ; texte établé et annoté par Marcel Ademá et Michel Décaudin.
260 ## - PUBLICACIÓN, DISTRIBUCIÓN, ETC.
Lugar de publicación, distribución, etc. [París] :
Nombre del editor, distribuidor, etc. Gallimard,
Fecha de publicación, distribución, etc. [1975]
300 ## - DESCRIPCIÓN FÍSICA
Extensión LXXV, 1267 p. ;
Dimensiones 18 cm.
505 8# - NOTA DE CONTENIDO CON FORMATO
Nota de contenido con formato Contiene: Le bestiaire. Alcools. Vitam impendere amori. Calligrammes. Il y a. Poèmes a Lou. Le guetteur mélancolique. Poèmes a Madeleine. Poèmes a la marraine. Poèmes retrouvés. Poèmes épistolaires. Poèmes inédits. Théatre.
700 0# - ENTRADA AGREGADA--NOMBRE PERSONAL
Nombre de persona Billy, André,
Fechas asociadas al nombre 1882-1971
9 (RLIN) 28895
700 1# - ENTRADA AGREGADA--NOMBRE PERSONAL
Nombre de persona Adema, Marcel.
9 (RLIN) 18434
700 1# - ENTRADA AGREGADA--NOMBRE PERSONAL
Nombre de persona Décaudin, Michel.
9 (RLIN) 43154
852 ## - LOCALIZACIÓN
Ubicación ES-MaACL
Número de control de estantería E-9653
Sublocalización o colección R.94127
Holdings
Estatus retirado Estado de pérdida Estado de daño No para préstamo Biblioteca de origen Biblioteca actual Ubicación en estantería Fecha de adquisición Fuente de adquisición Total de préstamos Signatura topográfica completa Código de barras Visto por última vez Precio de reemplazo Tipo de ítem Koha
        Biblioteca del Ateneo de Madrid Biblioteca del Ateneo de Madrid Depósito 2 17/01/2008     E-9653 1025975 23/02/2023 23/02/2023 Libro impreso